000 00473nam a2200193Ia 4500
005 20240823025920.0
008 240823s9999||||xx |||||||||||||| ||und||
020 _a978-0-07-060653-1
041 _aENGLISH
082 _A621.4022 P9
100 _aNag P K
245 0 _aHeat and Mass Transfer
250 _a2nd
260 _c2009
_b"Tata Mcgraw Hill,New "
500 _aTRANSFERED
650 _aHeat and Mass
_bAerospace Engineering
942 _cBK
999 _c187452
_d187452